Match the 1D song to the album - Statistics

General Stats
  • This quiz has been taken 80 times
  • The average score is 14 of 15
Answer Stats
Hint Answer % Correct
Stockholm Syndrome Four
95%
Rock Me Take Me Home
95%
Kiss You Take Me Home
92%
Little Things Take Me Home
92%
Taken Up All Night
92%
Diana Midnight Memories
91%
I Would Take Me Home
91%
Fireproof Four
89%
Wolves Made In The AM
89%
Happily Midnight Memories
89%
I Want Up All Night
89%
Gotta Be You Up All Night
89%
Perfect Made In The AM
88%
Through The Dark Midnight Memories
88%
Strong Midnight Memories
88%
No matching quizzes found
Score Distribution
Percent of People with Each Score
Percentile by Number Answered
Your Score History
You have not taken this quiz